MARC
|
|
|
|
| LEADER |
00000nam0a2200000 4500 |
| 001 |
677718 |
| 005 |
20241220105527.0 |
| 035 |
|
|
|a (RuTPU)RU\TPU\book\348707
|
| 090 |
|
|
|a 677718
|
| 100 |
|
|
|a 20241220d1966 k||y0rusy50 ca
|
| 101 |
0 |
|
|a rus
|
| 102 |
|
|
|a RU
|
| 105 |
|
|
|a a z 001yy
|
| 181 |
|
0 |
|a i
|b e
|
| 182 |
|
0 |
|a n
|
| 183 |
|
0 |
|a nc
|2 RDAcarrier
|
| 200 |
1 |
|
|a Устойчивость бортов карьеров и горное давление
|e [сборник]
|f Институт горного дела; отв. ред. Н. П. Влох, Ю. И. Туринцев
|
| 203 |
|
|
|a Текст
|b визуальный
|c непосредственный
|
| 210 |
|
|
|a Москва
|c Недра
|d 1966
|
| 215 |
|
|
|a 144 с.
|c ил.
|
| 225 |
1 |
|
|a Труды института горного дела
|v Вып. 12
|
| 283 |
|
|
|a volume
|2 RDAcarrier
|
| 320 |
|
|
|a Библиография в конце статей
|
| 606 |
1 |
|
|a Горное давление
|x Динамические проявления
|9 35161
|
| 606 |
1 |
|
|a Карьеры
|x Борта
|x Деформация
|x Устойчивость
|x Расчет
|9 59521
|
| 610 |
1 |
|
|a горные породы
|
| 610 |
1 |
|
|a прочность
|
| 610 |
1 |
|
|a структура
|
| 610 |
1 |
|
|a расчетные характеристики
|
| 610 |
1 |
|
|a трещины
|
| 610 |
1 |
|
|a физико-механические свойства
|
| 610 |
1 |
|
|a взрывы
|
| 610 |
1 |
|
|a напряжение
|
| 610 |
1 |
|
|a сейсмовзрывные волны
|
| 610 |
1 |
|
|a камерная система разработки
|
| 610 |
1 |
|
|a деформации
|
| 610 |
1 |
|
|a воздушные удары
|
| 675 |
|
|
|a 622.831.32
|v 4
|
| 675 |
|
|
|a 622.271.33
|v 4
|
| 702 |
|
1 |
|a Влох
|b Н. П.
|4 340
|
| 702 |
|
1 |
|a Туринцев
|b Ю. И.
|4 340
|
| 712 |
0 |
2 |
|a Институт горного дела
|c (Свердловск)
|c (1962-1994)
|9 28110
|
| 801 |
|
1 |
|a RU
|b 63413507
|c 20241220
|
| 801 |
|
2 |
|a RU
|b 63413507
|c 20200625
|g RCR
|
| 830 |
|
|
|a Ретро2024Продолжающиеся
|
| 850 |
|
|
|a 63413507
|
| 942 |
|
|
|c CR
|